书目信息 |
| 题名: |
流体力学与传热
|
|
| 作者: | 邹华生 , 钟理 , 伍钦 主编 | |
| 分册: | ||
| 出版信息: | 广州 华南工学院出版社 2004.08 |
|
| 页数: | 287页 | |
| 开本: | 26cm | |
| 丛书名: | 21世纪高等院校课程教材 | |
| 单 册: | ||
| 中图分类: | TQ021-43 | |
| 科图分类: | ||
| 主题词: | 流体力学--化工过程--高等学校--教材 | |
| 电子资源: | ||
| ISBN: | 7-5623-2084-5 | |
| 000 | 01043nam 2200289 450 | |
| 001 | 0162535356 | |
| 005 | 20050718094401.03 | |
| 010 | @a7-5623-2084-5@dCNY30.00 | |
| 100 | @a20041204d2004 km y0chiy0120 ea | |
| 101 | 0 | @achi |
| 102 | @aCN@b440000 | |
| 105 | @aa a 000yy | |
| 200 | 1 | @a流体力学与传热@Aliu ti li xue yu chuan re@f邹华生, 钟理, 伍钦主编@Fzou hua sheng,zhong li,wu qin zhu bian |
| 210 | @a广州@c华南工学院出版社@d2004.08 | |
| 215 | @a287页@c图@d26cm | |
| 225 | 2 | @a21世纪高等院校课程教材 |
| 320 | @a有书目 (第287页)。 | |
| 330 | @a本书是一部有关流体力学的教材。全书共分5章,内容包括:流体力学与应用、流体输送机械、非均相机械分离、传热及换热设备和蒸发等。 | |
| 333 | @a流体力学学习者、高等院校相关专业师生及普通读者。 | |
| 410 | 0 | @12001 @a21世纪高等院校课程教材 |
| 606 | 0 | @a流体力学@x化工过程@x高等学校@x教材 |
| 690 | @aTQ021-43@v4 | |
| 701 | 0 | @a邹华生@Azou hua sheng@4主编 |
| 701 | 0 | @a钟理@Azhong li@4主编 |
| 701 | 0 | @a伍钦@Awu qin@4主编 |
| 801 | 0 | @aCN@bRULIN@c20050718 |
| 905 | @a10447@dTQ021-43@eZ966 | |
| 流体力学与传热/邹华生, 钟理, 伍钦主编.-广州:华南工学院出版社,2004.08 |
| 287页:图;26cm.-(21世纪高等院校课程教材) |
| 使用对象:流体力学学习者、高等院校相关专业师生及普通读者。 |
| ISBN 7-5623-2084-5:CNY30.00 |
| 本书是一部有关流体力学的教材。全书共分5章,内容包括:流体力学与应用、流体输送机械、非均相机械分离、传热及换热设备和蒸发等。 |
| ● |
| 相关链接 |
|
|
|
正题名:流体力学与传热
索取号:TQ021-43/Z966
 
预约/预借
| 序号 | 登录号 | 条形码 | 馆藏地/架位号 | 状态 | 备注 |
| 1 | 522962 | 205229625 | 材料与化工学院资料室/ [索取号:TQ021-43/Z966] | 在馆 | |
| 2 | 522963 | 205229634 | 自科库501/501自科库 137排8列4层/ [索取号:TQ021-43/Z966] | 在馆 | |
| 3 | 522964 | 205229643 | 自科库501/501自科库 137排8列4层/ [索取号:TQ021-43/Z966] | 在馆 |